000 00523cam a22001577a 4500
008 180718b1998 xxu||||| |||| 00| 0 eng d
020 _a0787910147
082 _aI513 F914d
100 _aFriedman, Lisa
245 _aDynamic enterprise: tools for turning chaos into strategy and strategy into action
_cby Lisa Friedman and Herman Gyr
260 _aSan Francisco
_bJossey-Bass
_c1998
300 _a266p.
440 _aThe Jossey-Bass buiness & management series
650 _aOrganizational change
700 _aGyr, Herman
999 _c387799
_d387799